<?xml version="1.0" encoding="UTF-8"?>
<collection xmlns="http://www.loc.gov/MARC21/slim">
 <record>
  <leader>03072naa a2200433   4500</leader>
  <controlfield tag="001">1785944320</controlfield>
  <controlfield tag="003">DE-627</controlfield>
  <controlfield tag="005">20220113115618.0</controlfield>
  <controlfield tag="007">cr uuu---uuuuu</controlfield>
  <controlfield tag="008">220113s2019    xx |||||oo    00| ||eng c</controlfield>
  <datafield tag="024" ind1="7" ind2=" ">
   <subfield code="a">10.18446/rec.artium.1937952646</subfield>
   <subfield code="2">doi</subfield>
  </datafield>
  <datafield tag="035" ind1=" " ind2=" ">
   <subfield code="a">(DE-627)1785944320</subfield>
  </datafield>
  <datafield tag="035" ind1=" " ind2=" ">
   <subfield code="a">(DE-599)KXP1785944320</subfield>
  </datafield>
  <datafield tag="040" ind1=" " ind2=" ">
   <subfield code="a">DE-627</subfield>
   <subfield code="b">ger</subfield>
   <subfield code="c">DE-627</subfield>
   <subfield code="e">rda</subfield>
  </datafield>
  <datafield tag="041" ind1=" " ind2=" ">
   <subfield code="a">eng</subfield>
  </datafield>
  <datafield tag="084" ind1=" " ind2=" ">
   <subfield code="a">KUNST</subfield>
   <subfield code="q">DE-16</subfield>
   <subfield code="2">fid</subfield>
  </datafield>
  <datafield tag="100" ind1="1" ind2=" ">
   <subfield code="a">Friedman, Emily</subfield>
   <subfield code="e">VerfasserIn</subfield>
   <subfield code="4">aut</subfield>
  </datafield>
  <datafield tag="245" ind1="1" ind2="0">
   <subfield code="a">[Rezension von: Frédéric Elsig (Hg.), Peindre à Bourges aux XVe-XVIe siècles - Frédéric Elsig (Hg.), Peindre à Dijon au XVIe siècle - Frédéric Elsig (Hg.), Peindre à Lyon au XVIe siècle - Frédéric Elsig (Hg.), Peindre à Rouen au XVIe siècle - Frédéric Elsig (Hg.), Peindre à Troyes au XVIe siècle]</subfield>
   <subfield code="c">rezensiert von Emily Friedman, Johns Hopkins University, Baltimore, MD</subfield>
  </datafield>
  <datafield tag="264" ind1=" " ind2="1">
   <subfield code="c">2019</subfield>
  </datafield>
  <datafield tag="300" ind1=" " ind2=" ">
   <subfield code="b">Illustrationen</subfield>
  </datafield>
  <datafield tag="336" ind1=" " ind2=" ">
   <subfield code="a">Text</subfield>
   <subfield code="b">txt</subfield>
   <subfield code="2">rdacontent</subfield>
  </datafield>
  <datafield tag="337" ind1=" " ind2=" ">
   <subfield code="a">Computermedien</subfield>
   <subfield code="b">c</subfield>
   <subfield code="2">rdamedia</subfield>
  </datafield>
  <datafield tag="338" ind1=" " ind2=" ">
   <subfield code="a">Online-Ressource</subfield>
   <subfield code="b">cr</subfield>
   <subfield code="2">rdacarrier</subfield>
  </datafield>
  <datafield tag="655" ind1=" " ind2="7">
   <subfield code="a">Rezension</subfield>
   <subfield code="0">(DE-588)4049712-4</subfield>
   <subfield code="0">(DE-627)106186019</subfield>
   <subfield code="0">(DE-576)209083166</subfield>
   <subfield code="2">gnd-content</subfield>
  </datafield>
  <datafield tag="773" ind1="0" ind2="8">
   <subfield code="i">Enthalten in</subfield>
   <subfield code="t">Kunstform</subfield>
   <subfield code="d">München : Ludwig-Maximilians-Universität München, Institut für Kunstgeschichte, 2000</subfield>
   <subfield code="g">20(2019), 11</subfield>
   <subfield code="h">Online-Ressource</subfield>
   <subfield code="w">(DE-627)382929004</subfield>
   <subfield code="w">(DE-600)2140180-9</subfield>
   <subfield code="w">(DE-576)281244731</subfield>
   <subfield code="x">1618-7199</subfield>
   <subfield code="7">|||s</subfield>
  </datafield>
  <datafield tag="773" ind1="1" ind2="8">
   <subfield code="g">volume:20</subfield>
   <subfield code="g">year:2019</subfield>
   <subfield code="g">number:11</subfield>
  </datafield>
  <datafield tag="787" ind1="0" ind2="8">
   <subfield code="i">Rezension von</subfield>
   <subfield code="t">Peindre à Bourges aux XVe-XVIe siècles</subfield>
   <subfield code="d">Cinisello Balsamo, Milan : Silvana editoriale, 2018</subfield>
   <subfield code="h">261 Seiten</subfield>
   <subfield code="w">(DE-627)1027395953</subfield>
   <subfield code="z">9788836638802</subfield>
  </datafield>
  <datafield tag="787" ind1="0" ind2="8">
   <subfield code="i">Rezension von</subfield>
   <subfield code="t">Peindre en France à la Renaissance ; [5]: Peindre à Dijon au XVIe siècle</subfield>
   <subfield code="d">Cinisello Balsamo, Milan : SilvanaEditoriale, 2016</subfield>
   <subfield code="h">293 Seiten</subfield>
   <subfield code="w">(DE-627)1561780251</subfield>
   <subfield code="w">(DE-576)491780257</subfield>
   <subfield code="z">9788836634231</subfield>
  </datafield>
  <datafield tag="787" ind1="0" ind2="8">
   <subfield code="i">Rezension von</subfield>
   <subfield code="t">Peindre en France à la Renaissance ; [3]: Peindre à Lyon au XVIe siècle</subfield>
   <subfield code="d">Cinisello Balsamo : Silvana Ed., 2014</subfield>
   <subfield code="h">191 S.</subfield>
   <subfield code="w">(DE-627)1499579926</subfield>
   <subfield code="w">(DE-576)429579926</subfield>
   <subfield code="z">9788836627684</subfield>
  </datafield>
  <datafield tag="787" ind1="0" ind2="8">
   <subfield code="i">Rezension von</subfield>
   <subfield code="t">Peindre en France à la Renaissance ; 6: Peindre à Rouen au XVIe siècle</subfield>
   <subfield code="d">Cinisello Balsamo (Milan) : Silvana Editoriale, 2017</subfield>
   <subfield code="h">253 Seiten</subfield>
   <subfield code="w">(DE-627)158003862X</subfield>
   <subfield code="w">(DE-576)51003862X</subfield>
   <subfield code="z">9788836637300</subfield>
  </datafield>
  <datafield tag="787" ind1="0" ind2="8">
   <subfield code="i">Rezension von</subfield>
   <subfield code="t">Peindre en France à la Renaissance ; [4]: Peindre à Troyes au XVIe siècle</subfield>
   <subfield code="d">Cinisello Balsamo, Milan : Silvana editoriale, 2015</subfield>
   <subfield code="h">269 pages</subfield>
   <subfield code="w">(DE-627)154697105X</subfield>
   <subfield code="w">(DE-576)476971055</subfield>
   <subfield code="z">9788836631612</subfield>
  </datafield>
  <datafield tag="856" ind1="4" ind2="0">
   <subfield code="u">http://dx.doi.org/10.18446/rec.artium.1937952646</subfield>
   <subfield code="x">Resolving-System</subfield>
   <subfield code="x">Verlag</subfield>
   <subfield code="z">kostenfrei</subfield>
   <subfield code="3">Volltext</subfield>
  </datafield>
  <datafield tag="856" ind1="4" ind2="0">
   <subfield code="u">https://www.arthistoricum.net/kunstform/rezension/ausgabe/2019/11/33422</subfield>
   <subfield code="x">Verlag</subfield>
   <subfield code="z">kostenfrei</subfield>
   <subfield code="3">Volltext</subfield>
  </datafield>
  <datafield tag="936" ind1="u" ind2="w">
   <subfield code="d">20</subfield>
   <subfield code="j">2019</subfield>
   <subfield code="e">11</subfield>
  </datafield>
  <datafield tag="951" ind1=" " ind2=" ">
   <subfield code="a">AR</subfield>
  </datafield>
  <datafield tag="994" ind1=" " ind2=" ">
   <subfield code="u">https://www.arthistoricum.net/kunstform/rezension/ausgabe/2019/11/33422</subfield>
  </datafield>
  <datafield tag="994" ind1=" " ind2=" ">
   <subfield code="u">https://www.arthistoricum.net/kunstform/rezension/ausgabe/2019/11/33422</subfield>
  </datafield>
  <datafield tag="991" ind1=" " ind2=" ">
   <subfield code="a">Rezension (Monographie, Zeitschrift, Aufsatz)</subfield>
  </datafield>
  <datafield tag="999" ind1=" " ind2=" ">
   <subfield code="a">KXP-PPN1785944320</subfield>
   <subfield code="e">4036740121</subfield>
  </datafield>
 </record>
</collection>
